000 00592nam a2200205 i 4500
001 bgj
100 1 _aBOGUCKA, Mariola
245 1 0 _aEnglish Adventure :
_bksiążka nauczyciela /
_cMariola Bogucka, Maria Hasse.
260 _aHarlow, Essex :
_bLongman,
_c2005.
300 _a127, [1] pp :
_bill. ;
_c28 cm.
650 9 _aEnglish language
_xPrimary Schools
655 _aTextbooks for foreigners
700 1 _aHASSE, Maria.
_eco-author
020 _a0582828848
040 _cBPK
041 0 _aeng
920 _a0-582-82884-8
942 _cKS
008 s uk f |000 0 eng
999 _c49014
_d49014
856 _uhttp://koha.tu.koszalin.pl/cgi-bin/koha/opac-detail.pl?biblionumber=49014
_yKatalog online BPK